| 000 -LEADER |
| fixed length control field |
00670cam a2200193 a 4500 |
| 040 ## - CATALOGING SOURCE |
| Transcribing agency |
DLC |
| 082 00 - DEWEY DECIMAL CLASSIFICATION NUMBER |
| Classification number |
382 THE 1981 C147 Or. |
| 100 1# - MAIN ENTRY--AUTHOR NAME |
| Personal name |
Fishlow, Albert. |
| 245 10 - TITLE STATEMENT |
| Title |
Trade in manufactured products with developing countries : |
| Remainder of title |
reinforcing North-South partnership : report of the Trilateral Task Force on North-South Trade of the Trilateral Commission / |
| 260 ## - PUBLICATION, DISTRIBUTION, ETC. (IMPRINT) |
| Place of publication |
New York : |
| Name of publisher |
The Commission, |
| Year of publication |
c1981. |
| 300 ## - PHYSICAL DESCRIPTION |
| Number of Pages |
xvi, 85 p. ; |
| Dimensions |
23 cm. |
| 650 #0 - SUBJECT ADDED ENTRY--TOPICAL TERM |
| Topical Term |
International economic relations. |
| 650 #0 - SUBJECT ADDED ENTRY--TOPICAL TERM |
| Topical Term |
Commerce. |
| 650 #0 - SUBJECT ADDED ENTRY--TOPICAL TERM |
| Topical Term |
Manufactures. |
| 700 1# - ADDED ENTRY--PERSONAL NAME |
| Personal name |
Carrière, Jean, |
| 700 1# - ADDED ENTRY--PERSONAL NAME |
| Personal name |
Sekiguchi, Sueo. |
| 710 2# - ADDED ENTRY--CORPORATE NAME |
| Corporate name or jurisdiction name as entry element |
Trilateral Commission. |
| 942 ## - ADDED ENTRY ELEMENTS (KOHA) |
| Koha item type |
ADB |
| 952 ## - LOCATION AND ITEM INFORMATION (KOHA) |
| Withdrawn status [LOCAL, KOHA] |
0 |